|
|
|
|
| LEADER |
00000nab#a22000007a#4500 |
| 001 |
arbauad004600 |
| 003 |
AR-BaUAD |
| 005 |
20250711110641.0 |
| 008 |
940701|||||||||###||||||b###|0###a|spa|| |
| 040 |
|
|
|a AR-BaUAD
|c AR-BaUAD
|b spa
|
| 245 |
1 |
0 |
|a Banco de la Nación Argentina
|
| 300 |
0 |
|
|b cortes, fot., plantas
|
| 500 |
|
|
|a Sucursal San Pablo, Brasil. -- Sucursal San Miguel de Tucumán.
|
| 653 |
|
|
|a ARQUITECTURA BANCARIA
|
| 653 |
|
|
|a BANCOS
|
| 653 |
|
|
|a BANCO DE LA NACION ARGENTINA
|
| 653 |
|
|
|a SEPRA
|
| 653 |
|
|
|a SANCHEZ ELIA, SANTIAGO
|
| 653 |
|
|
|a PERALTA RAMOS, FEDERICO
|
| 653 |
|
|
|a AGOSTINI, ALFREDO
|
| 653 |
|
|
|a SAN PABLO
|
| 653 |
|
|
|a BRASIL
|
| 653 |
|
|
|a SAN MIGUEL DE TUCUMAN
|
| 653 |
|
|
|a TUCUMAN
|
| 653 |
|
|
|a ARGENTINA
|
| 773 |
0 |
|
|t SUMMA
|g no. 173 [abr. 1982], p. 39-45
|
| 942 |
|
|
|c ARTI
|
| 952 |
|
|
|0 0
|1 0
|4 0
|7 0
|9 49520
|a AR-BAuAD
|b AR-BAuAD
|d 2025-07-11
|l 0
|p AAQA004600
|r 2025-07-11 11:06:41
|w 2025-07-11
|y ARTI
|
| 990 |
|
|
|a AQ198
|b TD
|
| 998 |
|
|
|a AAQ
|b BIBUN76
|
| 999 |
|
|
|c 29193
|d 29193
|